000 00506nam a2200181 a 4500
001 38415
003 BD-RjUL
005 20211209052807.0
008 151126b1975 bg ||||| |||| 00| 0 ben d
035 _a(BD-RjUL)38520
040 _aBD-RjUL
082 _223
_a079.54922
_bNEW 1975
245 _aThe New Nation
_cMotahar Hossain Siddique
260 _aDhaka :
_bMotahar Hossain Siddique,
650 _aDaily newspaper
_zBangladesh
_9117503
700 _aSiddique, Motahar Hossain.
_9118662
942 _2ddc
_cNP
999 _c38415
_d38415